Представление документа в формате MARC21

Поле Инд. ПП Название Значение
Тип записи a
Библиографический уровень b
001 Контрольный номер RU/IS/BASE/173788320
005 Дата корректировки 20201127131744.6
008 Кодируемые данные 20050704
084 a Индекс другой классификации/Индекс ББК 88.9; 88.53-99; 60.953.5; 60.993
100 1_ a Автор Татарова С. П.
q Полное имя Татарова Светлана Петровна
245 10 a Заглавие Реабилитация детей-инвалидов посредством организации совместной деятельности и общения с их здоровыми сверстниками
650 04 a Основная рубрика практическая психология (прикладная психология)
a Основная рубрика психология
a Основная рубрика социальная психология
a Основная рубрика психология личности
a Основная рубрика социальная работа
653 0_ a Ключевые слова дети-инвалиды
a Ключевые слова коррекционно-реабилитационная работа
a Ключевые слова общение
a Ключевые слова психическая деятельность
a Ключевые слова психосоциальная реабилитация
a Ключевые слова совместная деятельность
a Ключевые слова социализация личности
a Ключевые слова социальная среда
a Ключевые слова социально-психологическая реабилитация
a Ключевые слова эмоциональное развитие
773 18 t Заглавие источника Вестник психосоциальной и коррекционно-реабилитационной работы
d Дата издания источника 2005
g Прочая информация № 2. - С. 58 - 64
w Контрольный № источника RU/IS/BASE/172847146
901 t Тип документа b